000 00760nam a2200289Ia 4500
005 20260324133915.0
008 008 260324s9999 xx 000 0 eng d
020 _a9780203989098
037 _aEBOOK
040 _aCRL
040 _beng
040 _cCRL
041 _2eng
041 _aeng
084 _qCRL
100 _aHelmut Barz; Marcia Karp; Peter Schellenbaum; Vincent Marsicano; Wilma Scategni
_91194834
245 0 _aPsychodrama, Group Processes and Dreams
245 0 _bArchetypal Images of Individuation
260 _bTaylor and Francis
260 _c2002
365 _a
365 _b99.99
856 _uhttp://www.taylorfrancis.com/books/9780203989098
942 _cEBOOK
999 _c1794375
_d1794375